Island Chains by Components - Statistics

General Stats
  • This quiz has been taken 369 times
    352 since last reset
  • The average score is 9 of 15
Answer Stats
Islands Chain/Group % Correct
Bali, Lombok, Sulawesi Indonesia
86%
Luzon, Mindanao, Negros Philippines
84%
Tenerife, Lanzarote, Fuerteventura Canary Islands
81%
Tongatapu, Tofua, Niuafo'ou Tonga
71%
Grenada, Dominica, Martinique Lesser Antilles
69%
Pico, Saõ Miguel, Terceira Azores
67%
Bougainville, Guadalcanal, Choiseul Solomon Islands
67%
Viti Levu, Vanua Levu, Taveuni Fiji
66%
Hispaniola, Cuba, Puerto Rico Greater Antilles
65%
Savai'i, Upolu, Tutuila Samoa
62%
Fogo, Santo Antão, Boa Vista Cape Verde
50%
Efate, Espiritu Santo, Ambrym Vanuatu
50%
Unalaska, Unimak, Umnak Aleutian Islands
47%
Isabela, Fernandina, Floreana Galapagos
37%
Iturup, Golovnin, Kunashir Kuril Islands
15%
No matching quizzes found
Score Distribution
Percent of People with Each Score
Percentile by Number Answered
Your Score History
You have not taken this quiz since the last reset